000 00793aam a2200253 a 4500
008
020 _a0873351045 (hbk.)
049 _aMAIN
090 _aTN816.A3
245 0 0 _aCoal preparation /
_cedited by Joseph W. Leonard, III, associate editor, Byron C. Hardinge.
250 _a5th ed.
260 _aLittleton :
_bSociety for Mining, Metallurgy, and Exploration,
_c1991.
300 _axxii, 1131 p. :
_bill. ;
_c24 cm.
504 _aIncludes bibliographical references.
500 _aIncludes index.
650 0 _aCoal preparation.
700 1 _aLeonard, Joseph W.
700 1 _aHardinge, Byron C.
907 _a.b10064394
_b28-11-05
_c17-04-03
003
005 20230123133551.0
040 _cNUST
942 _cBOOKS
_kTN816.A3
999 _c150823
_d150823